| 000 | 00403nam a22001457a 4500 | ||
|---|---|---|---|
| 005 | 20170912113020.0 | ||
| 008 | 170912b xxu||||| |||| 00| 0 eng d | ||
| 040 | _cPK-LaUMT | ||
| 082 |
_aPKAC 297.09203 _bNAA-M |
||
| 100 | _aNaaz , M.S. | ||
| 245 |
_aMuslim shakhsiat ka encychlopedia/ _cM.S. Naaz |
||
| 260 |
_aلاہور: _bمطبوعات شیخ غلام علی، _c[ ] |
||
| 300 | _a[ ] | ||
| 942 | _cBK | ||
| 999 |
_c98114 _d98114 |
||